[Event "Mechanics' Summer TNM; G/2"]
[Site "San Francisco"]
[Date "2016.06.07"]
[Round "3.37"]
[White "Jensen, Christian"]
[Black "Brown, Nicholas M"]
[Result "1-0"]
[WhiteElo "1792"]
[BlackElo "1479"]
[PlyCount "49"]
[EventDate "2016.??.??"]

1. e4 e6 2. d4 d5 3. Nc3 c5 4. exd5 cxd4 5. Qxd4 Nf6 6. Bb5+ Bd7 7. dxe6 fxe6
8. Nf3 Be7 9. O-O O-O 10. Bc4 Kh8 11. Bg5 Nc6 12. Qh4 Ng8 13. Rad1 Qe8 14. Bxe7
Ncxe7 15. Ng5 Nf6 16. Nce4 Ng6 17. Nxf6 Nxh4 18. Nxe8 Bxe8 19. Nxe6 Rf6 20. Nc7
Rc8 21. Nxe8 Rxe8 22. Rd7 Rg6 23. Bd5 b6 24. g3 Nf5 25. Bf7 1-0

[Event "Mechanics' Fall TNM; G/2"]
[Site "San Francisco"]
[Date "2016.12.06"]
[Round "8.15"]
[White "Jensen, Christian"]
[Black "Drane, Robert W"]
[Result "1/2-1/2"]
[WhiteElo "1799"]
[BlackElo "1953"]
[PlyCount "43"]
[EventDate "2016.??.??"]

1. e4 Nf6 2. e5 Nd5 3. c4 Nb6 4. d4 d6 5. exd6 exd6 6. Nc3 Be7 7. Be3 O-O 8.
Qf3 Nc6 9. b3 Bf6 10. Nge2 Re8 11. Rd1 g6 12. g4 Bd7 13. Bg2 Bg7 14. Qg3 Nb4
15. Rd2 Bc6 16. a3 Bxg2 17. Qxg2 Nc6 18. O-O Qe7 19. Nf4 Rad8 20. Nfd5 Qd7 21.
Bh6 Ne7 22. Bxg7 1/2-1/2

[Event "Mechanics' Alan Benson TNM; G/2"]
[Site "San Francisco"]
[Date "2016.08.30"]
[Round "5.12"]
[White "Jensen, Christian"]
[Black "Hakobyan, Sos"]
[Result "0-1"]
[WhiteElo "1841"]
[BlackElo "1980"]
[PlyCount "90"]
[EventDate "2016.??.??"]

1. e4 e6 2. d4 d5 3. Nc3 Bb4 4. e5 c5 5. a3 Bxc3+ 6. bxc3 Ne7 7. Qg4 Qc7 8. Bd3
cxd4 9. Ne2 dxc3 10. Qxg7 Rg8 11. Qxh7 Qxe5 12. h4 Nbc6 13. Bf4 Qf6 14. Bg5 Qe5
15. Bf4 Qg7 16. Qxg7 Rxg7 17. h5 f5 18. h6 Rh7 19. Nxc3 e5 20. Bg5 e4 21. Be2
Be6 22. Rb1 b6 23. Bb5 Kf7 24. Ne2 Rc8 25. O-O Ne5 26. Nd4 Rc3 27. Bd2 Rc8 28.
Rb3 N7c6 29. Nxe6 Kxe6 30. f3 Nd4 31. fxe4 dxe4 32. Rb2 Nxb5 33. Rxb5 Rxc2 34.
Be3 Ng4 35. Bg5 Rc5 36. Rxc5 bxc5 37. Rc1 Kd5 38. Kf1 Nxh6 39. Be3 c4 40. Ke2
Ng4 41. Bf4 Kd4 42. Bd6 c3 43. Rf1 c2 44. Kd2 Kc4 45. Rxf5 Rd7 0-1

[Event "Mechanics' Alan Benson TNM; G/2"]
[Site "San Francisco"]
[Date "2016.08.16"]
[Round "3.11"]
[White "Jensen, Christian"]
[Black "Klinetobe, David"]
[Result "1/2-1/2"]
[WhiteElo "1841"]
[BlackElo "2001"]
[PlyCount "52"]
[EventDate "2016.??.??"]

1. e4 e6 2. d4 d5 3. Nc3 Bb4 4. e5 c5 5. a3 Bxc3+ 6. bxc3 Ne7 7. Qg4 Qc7 8. Bd3
cxd4 9. Ne2 dxc3 10. Qxg7 Rg8 11. Qxh7 Qxe5 12. Bf4 Qf6 13. Qh6 Qxh6 14. Bxh6
e5 15. Nxc3 Bd7 16. g3 Bc6 17. Bb5 Rg6 18. Bd2 Nd7 19. Rc1 O-O-O 20. h4 Bxb5
21. Nxb5 a6 22. Nc3 f6 23. h5 Rg7 24. h6 Rh7 25. g4 Rg8 26. f3 Rg6 1/2-1/2

[Event "Mechanics' Fall TNM; G/2"]
[Site "San Francisco"]
[Date "2016.11.08"]
[Round "4.14"]
[White "Jensen, Christian"]
[Black "Manvelyan, Hovik"]
[Result "1/2-1/2"]
[WhiteElo "1799"]
[BlackElo "2007"]
[PlyCount "57"]
[EventDate "2016.??.??"]

1. e4 e6 2. d4 d5 3. Nc3 Bb4 4. e5 Qd7 5. a3 Be7 6. Qg4 Bf8 7. Nge2 f5 8. Qg3
Nc6 9. f4 b6 10. Be3 Bb7 11. Nc1 O-O-O 12. Bb5 Qf7 13. b4 Nge7 14. Nd3 Nb8 15.
Nb1 Nec6 16. Nd2 Be7 17. O-O h6 18. Rfc1 g5 19. c3 Rdg8 20. Qe1 Qg7 21. a4 gxf4
22. Nxf4 Bg5 23. Bf1 Bxf4 24. Bxf4 Ne7 25. Nb3 Ng6 26. Qf2 h5 27. a5 Nxf4 28.
Qxf4 Qg4 29. Qxg4 1/2-1/2

[Event "Mechanics' Summer TNM; G/2"]
[Site "San Francisco"]
[Date "2016.06.21"]
[Round "5.16"]
[White "Jensen, Christian"]
[Black "Maser, Thomas F"]
[Result "1/2-1/2"]
[WhiteElo "1792"]
[BlackElo "1985"]
[PlyCount "56"]
[EventDate "2016.??.??"]

1. e4 e5 2. Nf3 Nc6 3. Bc4 Nf6 4. Ng5 d5 5. exd5 Na5 6. Bb5+ c6 7. dxc6 bxc6 8.
Qf3 Be7 9. Bd3 O-O 10. O-O h6 11. Ne4 Nd5 12. Ng3 Nf4 13. Bf5 Bb7 14. d3 g6 15.
Bxf4 exf4 16. Qxf4 gxf5 17. Nxf5 Bg5 18. Qg4 Kh7 19. f4 Bf6 20. Qh5 Bg7 21. Nc3
c5 22. Ne4 Bxe4 23. dxe4 Qf6 24. Nxg7 Qd4+ 25. Kh1 Kxg7 26. e5 Rg8 27. Rad1 Qe4
28. Rd6 Rh8 1/2-1/2

[Event "Mechanics' Fall TNM; G/2"]
[Site "San Francisco"]
[Date "2016.11.22"]
[Round "6.22"]
[White "Jensen, Christian"]
[Black "Touset, Stephen Ka"]
[Result "1-0"]
[WhiteElo "1799"]
[BlackElo "1469"]
[PlyCount "41"]
[EventDate "2016.??.??"]

1. e4 d6 2. d4 Nf6 3. Nc3 e5 4. Nge2 exd4 5. Nxd4 Be7 6. Be2 O-O 7. Be3 Re8 8.
O-O Bf8 9. Bf3 Na6 10. Re1 Nc5 11. Bf4 g6 12. e5 dxe5 13. Bxe5 Bg7 14. Ndb5
Qxd1 15. Raxd1 c6 16. Nc7 Rxe5 17. Rxe5 Nfd7 18. Re8+ Nf8 19. Nxa8 Bf5 20. Ne4
Nce6 21. c3 1-0

[Event "Mechanics' Winter TNM; G/2"]
[Site "San Francisco"]
[Date "2016.01.05"]
[Round "1.42"]
[White "Kadri, Barbara"]
[Black "Gomboluudev, Anuji"]
[Result "0-1"]
[WhiteElo "496"]
[BlackElo "398"]
[PlyCount "24"]
[EventDate "2016.??.??"]

1. e4 e5 2. Nf3 Nc6 3. Bc4 Nf6 4. d3 Bc5 5. Nc3 Ng4 6. Bg5 Nxf2 7. Bxd8 Nxd1 8.
Nxe5 Nxc3 9. Nxf7 Rf8 10. bxc3 Rxf7 11. Bxc7 d6 12. O-O-O Rxc7 0-1

[Event "Mechanics' Winter TNM; G/2"]
[Site "San Francisco"]
[Date "2016.02.23"]
[Round "8.40"]
[White "Kadri, Barbara"]
[Black "Greene, Sammy"]
[Result "0-1"]
[WhiteElo "496"]
[BlackElo "916"]
[PlyCount "26"]
[EventDate "2016.??.??"]

1. e4 e5 2. d3 Nf6 3. Nf3 Nc6 4. Nc3 h6 5. Bd2 Bc5 6. Nd5 O-O 7. Nxf6+ Qxf6 8.
Qe2 d6 9. g3 $2 Bg4 10. Bg2 Nd4 11. Nxd4 Bxe2 12. Nxe2 Qxf2+ 13. Kd1 Qxg2 0-1

[Event "Mechanics' Winter TNM; G/2"]
[Site "San Francisco"]
[Date "2016.02.16"]
[Round "7.46"]
[White "Kadri, Barbara"]
[Black "Olson, David R"]
[Result "0-1"]
[WhiteElo "496"]
[BlackElo "1400"]
[PlyCount "56"]
[EventDate "2016.??.??"]

1. e4 g6 2. d4 Nf6 3. Nc3 d6 4. Be2 Bg7 5. Nf3 O-O 6. Be3 Nc6 7. h3 a6 8. Qd2
e6 9. O-O-O b5 10. a3 b4 11. Na4 a5 12. Bh6 Nxe4 13. Qe3 Nf6 14. Bxg7 Kxg7 15.
Nh4 Re8 16. Bb5 Bd7 17. g4 Nd5 18. Qe4 Qxh4 19. f4 bxa3 20. bxa3 Rab8 21. Bd3
Nce7 22. Nc5 Bc6 23. Nxe6+ Kh8 24. Ng5 Nc3 25. Nxf7+ Kg7 26. Qe1 Qxe1 27. Rdxe1
Bxh1 28. Rxh1 Kxf7 0-1

[Event "Mechanics' Fall TNM; G/2"]
[Site "San Francisco"]
[Date "2016.11.15"]
[Round "5.18"]
[White "Khristoforov, Serg"]
[Black "Ricard, Bruce"]
[Result "1-0"]
[WhiteElo "1972"]
[BlackElo "1569"]
[PlyCount "57"]
[EventDate "2016.??.??"]

1. d4 d5 2. c4 c6 3. Nf3 Nf6 4. e3 Bf5 5. Nc3 e6 6. Be2 Be7 7. O-O O-O 8. a3
dxc4 9. Bxc4 c5 10. d5 exd5 11. Nxd5 Nxd5 12. Bxd5 Qc7 13. Qb3 Nc6 14. e4 Bg4
15. Ng5 Bd6 16. h3 Bh5 17. g4 Bg6 18. f4 h6 {Diagram #} 19. f5 $1 Bh7 20. Nxh7
Kxh7 21. f6 Nd4 22. Qd3 g6 23. Qd2 g5 24. Qd3 Be5 25. h4 Rh8 26. Be3 Bh2+ 27.
Kh1 Qg3 28. e5+ Kg8 29. Qg6+ 1-0

[Event "Mechanics' Fall TNM; G/2"]
[Site "San Francisco"]
[Date "2016.12.06"]
[Round "8.20"]
[White "Khristoforov, Sergey"]
[Black "Hack, Richard"]
[Result "1/2-1/2"]
[WhiteElo "1972"]
[BlackElo "1611"]
[PlyCount "89"]
[EventDate "2016.??.??"]

1. d4 f5 2. c4 Nf6 3. g3 g6 4. Bg2 Bg7 5. Qb3 c6 6. Bg5 d6 7. Bxf6 Bxf6 8. e3
Qc7 9. Ne2 e5 10. Nbc3 Be6 11. d5 Bf7 12. e4 Na6 13. O-O Nc5 14. Qc2 a5 15. f3
O-O 16. Nc1 f4 17. Nb3 Nd7 18. Rac1 c5 19. Nb5 Qb6 20. a4 g5 21. Bh3 Nb8 22.
Qd2 Bd8 23. Kg2 Be8 24. Be6+ Kh8 25. Rh1 Bd7 26. Na1 Re8 27. Bh3 Bxh3+ 28. Kxh3
Na6 29. Nc2 Nc7 30. b3 Nxb5 31. axb5 Qc7 32. Ne1 Qd7+ 33. Kg2 Rg8 34. g4 h5 35.
h3 h4 36. Nd3 a4 37. Ra1 Ba5 38. b4 cxb4 39. Rxa4 Qc7 40. Rha1 b6 41. Qa2 Rgc8
42. Rc1 Qb7 43. Qb3 Rc7 44. Ra2 Kg7 45. Rcc2 1/2-1/2

[Event "Mechanics' Fall TNM; G/2"]
[Site "San Francisco"]
[Date "2016.11.08"]
[Round "4.6"]
[White "Kim, Isaiah"]
[Black "Argo, Guy"]
[Result "0-1"]
[WhiteElo "1967"]
[BlackElo "1911"]
[Annotator "Donaldson"]
[PlyCount "56"]
[EventDate "2016.??.??"]

1. d4 Nf6 2. c4 e5 3. dxe5 Ng4 (3... Bc5 $142 4. e3 Nc6) 4. Nf3 Nc6 5. Bg5 Be7
6. Bxe7 Qxe7 7. e3 (7. Nc3 $142 Ngxe5 8. Nd5) 7... Ngxe5 8. Nxe5 Nxe5 9. Nc3 c6
10. Be2 O-O 11. O-O d6 12. Qd4 f5 13. Rad1 Rf6 14. Rd2 Rh6 15. Rfd1 Nf7 16. b4
Be6 17. b5 c5 18. Qf4 g5 19. Qg3 Kh8 20. Bf1 Rg8 21. Nd5 Qd8 22. Nc3 Qf6 23.
Nd5 Bxd5 24. Rxd5 f4 25. exf4 $6 (25. Qf3 Ne5 26. Qe4 {
roughly equal chances, with a tough fight still ahead.}) 25... gxf4 26. Qd3 f3
27. Rf5 Qh4 28. Qc3+ Ne5 0-1

[Event "Mechanics' Fall TNM; G/2"]
[Site "San Francisco"]
[Date "2016.10.25"]
[Round "2.21"]
[White "Kim, Isaiah"]
[Black "Brown, Nicholas M"]
[Result "1-0"]
[WhiteElo "1967"]
[BlackElo "1419"]
[PlyCount "53"]
[EventDate "2016.??.??"]

1. d4 d5 2. c4 e6 3. Nc3 Nf6 4. cxd5 exd5 5. Bg5 Be7 6. e3 c6 7. Bd3 Nbd7 8.
Qc2 O-O 9. Nge2 h6 10. Bh4 b6 11. O-O Qc7 12. Bg3 Bd6 13. Nb5 cxb5 14. Qxc7
Bxc7 15. Bxc7 a6 16. Rfc1 Bb7 17. Rc2 Rfe8 18. Rac1 Ne4 19. f3 Ng5 20. Kf2 Rec8
21. Bf5 Ne6 22. Nf4 Re8 23. Bd6 Nb8 24. Bxe6 fxe6 25. Rc7 Ra7 26. Be5 Nc6 27.
Rxg7+ 1-0

[Event "Mechanics' Summer TNM; G/2"]
[Site "San Francisco"]
[Date "2016.06.28"]
[Round "6.21"]
[White "Kim, Isaiah"]
[Black "Casares Jr, Nick"]
[Result "1/2-1/2"]
[WhiteElo "1836"]
[BlackElo "1600"]
[PlyCount "75"]
[EventDate "2016.??.??"]

1. d4 d5 2. c4 dxc4 3. e4 e5 4. Nf3 exd4 5. Nxd4 c5 6. Nf3 Qxd1+ 7. Kxd1 Be6 8.
Ng5 Nc6 9. Nxe6 fxe6 10. Bxc4 e5 11. Nc3 O-O-O+ 12. Bd5 Be7 13. Be3 Nf6 14. Ke2
Nd4+ 15. Bxd4 cxd4 16. Be6+ Kb8 17. Nd5 Nxe4 18. Nxe7 Rhe8 19. Bf5 Nf6 20. Nc8
g6 21. Bh3 Nd5 22. g3 d3+ 23. Kd2 e4 24. Rac1 Nb4 25. Rc4 Nc6 26. Ra4 Nd4 27.
Nxa7 Rf8 28. f4 Rfe8 29. Bg4 Nf3+ 30. Bxf3 exf3 31. Nb5 Re2+ 32. Kd1 f2 33. Nc3
Rxb2 34. Ra3 Rc8 35. Rf1 Rc2 36. Rb3 R8xc3 37. Rxc3 Rxc3 38. Rxf2 {
and later drawn. Remaining moves unavailable.} 1/2-1/2

[Event "Mechanics' Alan Benson TNM; G/2"]
[Site "San Francisco"]
[Date "2016.08.23"]
[Round "4.25"]
[White "Kim, Isaiah"]
[Black "Donaldson, Kyle Ga"]
[Result "1-0"]
[WhiteElo "1900"]
[BlackElo "1453"]
[Annotator "Donaldson"]
[PlyCount "31"]
[EventDate "2016.??.??"]

1. d4 Nf6 2. c4 e6 3. Nc3 Bb4 4. e3 O-O 5. Nge2 c5 6. a3 cxd4 7. exd4 Be7 8.
Nf4 d5 9. cxd5 exd5 10. Bd3 Nc6 11. O-O Be6 (11... Re8) 12. Bc2 Qb6 13. Be3
Qxb2 $4 {Diagram [#]} (13... Bd6) 14. Qd3 $1 Qb6 (14... Bf5 15. Qxf5 Qxc3 16.
Nxd5 g6 17. Nxe7+ Nxe7 18. Qxf6 Nd5 19. Qf3 Nxe3 20. Be4 $18) 15. Ncxd5 $1 Qa6
16. Nxf6+ 1-0

[Event "Mechanics' Summer TNM; G/2"]
[Site "San Francisco"]
[Date "2016.07.12"]
[Round "8.19"]
[White "Kim, Isaiah"]
[Black "Erickson, Lane Austin"]
[Result "1/2-1/2"]
[WhiteElo "1836"]
[BlackElo "1462"]
[PlyCount "106"]
[EventDate "2016.??.??"]

1. d4 d5 2. c4 c6 3. Nf3 Nf6 4. Nc3 dxc4 5. a4 Bf5 6. Ne5 Nbd7 7. Nxc4 Nb6 8.
Ne5 Nfd7 9. Nxd7 Qxd7 10. e4 Bg6 11. a5 Nc8 12. Be3 e6 13. Bd3 Bb4 14. O-O Nd6
15. f3 O-O 16. Ne2 b6 17. a6 Rfd8 18. Nf4 Rac8 19. h4 f6 20. Qb3 c5 21. Qxe6+
Bf7 22. Qxd7 Rxd7 23. e5 Re7 24. dxc5 bxc5 25. exd6 Rxe3 26. Kf2 Re5 27. Be4 c4
28. Rfd1 Bc5+ 29. Kf1 c3 30. bxc3 Bc4+ 31. Bd3 Bxd3+ 32. Nxd3 Rd5 33. Nxc5
Rdxc5 34. Ra3 Rd8 35. Rb3 Rc6 36. Rb7 Rxa6 37. d7 Kf7 38. Rc7 Ke7 39. c4 Rd6
40. Rxd6 Kxd6 41. Rxa7 Kc5 42. Kf2 Kb6 43. Ra1 Rxd7 44. g4 Kc5 45. Rc1 Re7 46.
Kg3 g5 47. h5 h6 48. Kf2 Re6 49. f4 Re4 50. Rd1 Re6 51. Rc1 Re7 52. Rc2 Rf7 53.
Kg3 Re7 1/2-1/2

[Event "Mechanics' Alan Benson TNM; G/2"]
[Site "San Francisco"]
[Date "2016.08.09"]
[Round "2.6"]
[White "Kim, Isaiah"]
[Black "Ganesh, Viswanath Natraj"]
[Result "0-1"]
[WhiteElo "1900"]
[BlackElo "2101"]
[PlyCount "52"]
[EventDate "2016.??.??"]

1. d4 Nf6 2. c4 e6 3. Nc3 Bb4 4. e3 b6 5. Nge2 Ba6 6. a3 Bxc3+ 7. Nxc3 d5 8.
cxd5 Bxf1 9. Kxf1 exd5 10. b4 O-O 11. Bb2 c6 12. g3 Re8 13. Kg2 Qe7 14. Qf3 a6
15. Rhc1 Nbd7 16. Rc2 Rac8 17. Rac1 Nf8 18. Ne2 Qd7 19. Nf4 Ne6 20. Nd3 Ng5 21.
Qf4 Qh3+ 22. Kh1 Ng4 23. f3 Nxe3 24. Re2 Nf1 25. Rce1 Rxe2 26. Rxe2 Nxg3+ 0-1

[Event "Mechanics' Fall TNM; G/2"]
[Site "San Francisco"]
[Date "2016.12.13"]
[Round "9.12"]
[White "Kim, Isaiah"]
[Black "Jensen, Christian"]
[Result "1-0"]
[WhiteElo "1967"]
[BlackElo "1799"]
[PlyCount "43"]
[EventDate "2016.??.??"]

1. d4 Nf6 2. c4 g6 3. Nc3 Bg7 4. e4 d6 5. f3 Nbd7 6. Be3 O-O 7. Nge2 e5 8. d5
a5 9. g4 b6 10. Ng3 Nc5 11. Qd2 Ne8 12. h4 f5 13. gxf5 gxf5 14. Bg5 Bf6 15.
O-O-O Ng7 16. Bh3 f4 17. Nf5 Bxg5 18. Nxg7 Bxh4 19. Bxc8 Kxg7 20. Rdg1+ Bg3 21.
Qh2 h6 22. Qxh6+ 1-0

[Event "Mechanics' Alan Benson TNM; G/2"]
[Site "San Francisco"]
[Date "2016.09.06"]
[Round "6.23"]
[White "Kim, Isaiah"]
[Black "MacIntyre, Brendan"]
[Result "1-0"]
[WhiteElo "1900"]
[BlackElo "1548"]
[Annotator "Winslow,Elliott"]
[PlyCount "63"]
[EventDate "2016.??.??"]

1. d4 d5 2. c4 Nf6 3. cxd5 Nxd5 4. Nf3 e6 5. e4 Nf6 6. Nc3 Be7 7. Bd3 Nc6 8.
O-O O-O 9. e5 Nd5 10. Ne4 f5 11. exf6 Bxf6 12. Nfg5 h6 {Diagram [#]} 13. Qh5 $6
(13. Nxf6+ Nxf6 14. Nf3 $14) 13... Nxd4 $2 {Diagram [#]} (13... Bxd4 $11) 14.
Nh7 $1 Rf7 (14... Kxh7 15. Nxf6+ Kh8 16. Ng4 Nf6 17. Qg6 Nf5 18. Ne5 Qe8 $2 (
18... Qd4 $14) 19. Bxf5 exf5 20. Bxh6 $1 gxh6 $6 21. Qxh6+ Kg8 22. Ng6) 15.
Bxh6 $16 gxh6 16. Nexf6+ Nxf6 $2 (16... Rxf6 17. Qg4+ Kf7 18. Qxd4) 17. Qg6+
Rg7 18. Nxf6+ Kf8 19. Qxh6 Nf3+ 20. Kh1 Qxd3 21. Nh5 Qh7 22. Qf6+ Kg8 23. Qd8+
Kf7 24. Qxc7+ Kg6 25. Nxg7 Nxh2 26. Qxh2 Qxg7 27. Rfd1 (27. Qg3+) 27... Qxb2
28. Qg3+ Kf5 29. Rab1 Qc2 30. Qg7 Qe2 31. g4+ Kf4 32. Rb4+ 1-0

[Event "Mechanics' Alan Benson TNM; G/2"]
[Site "San Francisco"]
[Date "2016.09.27"]
[Round "9.12"]
[White "Kim, Isaiah"]
[Black "Porlares, Teodoro"]
[Result "0-1"]
[WhiteElo "1900"]
[BlackElo "1767"]
[PlyCount "76"]
[EventDate "2016.??.??"]

1. d4 Nf6 2. c4 e6 3. Nc3 Bb4 4. e3 c5 5. Nge2 O-O 6. a3 cxd4 7. exd4 Be7 8.
Nf4 a6 9. Bd3 b6 10. O-O Bb7 11. d5 e5 12. Nh5 d6 13. Nxf6+ Bxf6 14. Ne4 g6 15.
Qf3 Bg7 16. Qh3 Bc8 17. g4 f6 18. Qh4 Ra7 19. f4 f5 20. Ng5 h6 21. fxe5 hxg5
22. Bxg5 Qe8 23. e6 Bd4+ 24. Kh1 Rh7 25. Qe1 fxg4 26. Qe4 Be5 27. e7 Rf5 28.
Qe3 Rh3 29. Bxf5 Bxf5 30. Qxb6 Be4+ 31. Kg1 Bxh2+ 32. Kf2 Qf7+ 33. Ke1 Bg3+ 34.
Kd2 Rh2+ 35. Kc3 Be5+ 36. Kb4 Rxb2+ 37. Ka5 Bc3+ 38. Qb4 Bxb4+ 0-1

[Event "Mechanics' Summer TNM; G/2"]
[Site "San Francisco"]
[Date "2016.06.21"]
[Round "5.12"]
[White "Kim, Isaiah"]
[Black "Tracy, Joseph J"]
[Result "0-1"]
[WhiteElo "1836"]
[BlackElo "2179"]
[PlyCount "78"]
[EventDate "2016.??.??"]

1. d4 e6 2. c4 Nf6 3. Nc3 d5 4. cxd5 exd5 5. Bg5 Be7 6. e3 O-O 7. Bd3 c6 8. Qc2
h6 9. Bh4 Nh5 10. Bxe7 Qxe7 11. Nge2 Be6 12. O-O Nd7 13. Rae1 f5 14. Nf4 Nxf4
15. exf4 Qd6 16. Re3 Rae8 17. Rfe1 g6 18. g3 Bf7 19. Qa4 a6 20. Rxe8 Rxe8 21.
Rxe8+ Bxe8 22. Qa5 Nf6 23. Qb6 Qe7 24. Kf1 Bf7 25. Na4 Ne8 26. Nc5 Nd6 27. Qa7
Kf8 28. b4 g5 29. fxg5 hxg5 30. Qb8+ Kg7 31. Qa7 f4 32. Be2 Bg6 33. Qb8 Bf5 34.
g4 Be4 35. Nxe4 Nxe4 36. h4 Nd2+ 37. Ke1 Nf3+ 38. Kf1 Nxd4 39. Bd3 Nf3 0-1

[Event "Mechanics' Summer TNM; G/2"]
[Site "San Francisco"]
[Date "2016.05.31"]
[Round "2.7"]
[White "Kim, Isaiah"]
[Black "Walder, Michael S"]
[Result "0-1"]
[WhiteElo "1836"]
[BlackElo "2128"]
[PlyCount "82"]
[EventDate "2016.??.??"]

1. d4 Nf6 2. c4 e6 3. Nc3 Bb4 4. e3 c5 5. Nge2 cxd4 6. exd4 O-O 7. a3 Be7 8. g3
d5 9. cxd5 Nxd5 10. Bg2 Nc6 11. Nxd5 exd5 12. Nc3 Bf6 13. O-O Be6 14. Be3 Rc8
15. Rc1 Ne7 16. Qd3 Qd7 17. Qb5 Rc6 18. Qa5 b6 19. Qb5 Rfc8 20. Qd3 Nf5 21. Ne2
Nxe3 22. Qxe3 g6 23. Rxc6 Rxc6 24. Rc1 Rxc1+ 25. Qxc1 Qa4 26. b4 a5 27. Nc3 Qc6
28. Qd2 axb4 29. axb4 Qc4 30. Ne2 Be7 31. Nf4 Qxb4 32. Qxb4 Bxb4 33. Nxe6 fxe6
34. Bf1 Kf7 35. f4 Bc3 36. Kf2 Bxd4+ 37. Kf3 Ke7 38. g4 Kf6 39. f5 gxf5 40.
gxf5 e5 41. Kg4 e4 {and Black went on to win. Remaining moves unavailable.} 0-1

[Event "Mechanics' Spring TNM; G/2"]
[Site "San Francisco"]
[Date "2016.03.29"]
[Round "3.22"]
[White "Kim, Isaiah Taeshi"]
[Black "Bertot, German"]
[Result "1-0"]
[WhiteElo "1837"]
[BlackElo "1589"]
[Annotator "Donaldson"]
[PlyCount "63"]
[EventDate "2016.??.??"]

1. d4 Nf6 2. c4 e6 3. Nc3 d5 4. cxd5 exd5 5. Bg5 Be7 6. e3 O-O 7. Bd3 Be6 8.
Qc2 h6 9. Bh4 Nbd7 10. Nge2 c6 11. Nf4 Rc8 12. O-O c5 13. Rad1 cxd4 14. exd4 a6
15. Rfe1 Rc6 16. Rd2 Bd6 17. Nxe6 fxe6 18. Kh1 g5 19. Bg3 Bxg3 20. fxg3 Qe7 21.
Rde2 Qf7 22. Bg6 Qg7 23. Rxe6 {Diagram [#]} Ne4 $2 ({
The right idea, but played at the wrong time.} 23... Rxe6 24. Rxe6 Ne4 $1 {
offered good compensation for the sacrificed pawn.}) 24. Bxe4 Rxe6 25. Bxd5 Qf6
26. Qe2 Kg7 27. Bxe6 Re8 28. d5 Nc5 29. Qe5 Qxe5 30. Rxe5 Nd3 31. Re2 Rf8 32.
Kg1 1-0

[Event "Mechanics' Spring TNM; G/2"]
[Site "San Francisco"]
[Date "2016.04.26"]
[Round "7.24"]
[White "Kim, Isaiah Taeshi"]
[Black "Casares Jr, Nick"]
[Result "1-0"]
[WhiteElo "1837"]
[BlackElo "1604"]
[PlyCount "51"]
[EventDate "2016.??.??"]

1. d4 d5 2. c4 dxc4 3. e4 e5 4. Nf3 Bb4+ 5. Nc3 Bxc3+ 6. bxc3 b5 7. Nxe5 Qe7 8.
Qf3 Nf6 9. a4 c6 10. Ba3 Qe6 11. g3 Nbd7 12. Nxd7 Bxd7 13. Bg2 a5 14. axb5
O-O-O 15. O-O Rhe8 16. bxc6 Qxc6 17. d5 Qc7 18. d6 Qc6 19. Rae1 Re5 20. Qe3
Rde8 21. Qa7 Qb7 22. Qxb7+ Kxb7 23. f4 Rb5 24. e5+ Nd5 25. Rb1 Rxb1 26. Bxd5+
1-0

[Event "Mechanics' Spring TNM; G/2"]
[Site "San Francisco"]
[Date "2016.03.15"]
[Round "1.32"]
[White "Kim, Isaiah Taeshi"]
[Black "Cowgill, Jackie"]
[Result "1-0"]
[WhiteElo "1837"]
[BlackElo "956"]
[Annotator "Donaldson"]
[PlyCount "71"]
[EventDate "2016.??.??"]

1. d4 d5 2. c4 c6 3. Nf3 Nf6 4. Nc3 dxc4 5. a4 Bg4 6. Ne5 Bh5 7. f3 e6 (7...
Nfd7 8. Nxc4 e5 9. Ne4 Bb4+ 10. Bd2 Qe7 {is the main line.}) 8. g4 Bg6 9. h4 {
Diagram [#]} h6 $2 (9... c5 $1 10. h5 Bd3 11. exd3 cxd4 {
recovers the piece and leaves White with only a small advantage.}) 10. Nxg6
fxg6 11. e4 Na6 12. Bxc4 Qc7 13. e5 Nd7 $2 (13... Nd5) 14. Qd3 O-O-O 15. Bxa6
bxa6 16. Qxa6+ Qb7 17. Qxb7+ Kxb7 18. Be3 Bb4 19. Ke2 a5 20. Ne4 Nb6 21. Rhd1
Nd5 22. Bd2 g5 23. Bxb4 Nxb4 24. Nd6+ Kc7 25. Nf7 gxh4 26. Nxh8 Rxh8 27. f4 Nd5
28. f5 g5 29. fxg6 Rg8 30. Rh1 Nf4+ 31. Kf3 Nxg6 32. Ke4 Rf8 33. Raf1 Rxf1 34.
Rxf1 h3 35. Rh1 h5 36. gxh5 1-0

[Event "Mechanics' Winter TNM; G/2"]
[Site "San Francisco"]
[Date "2016.02.09"]
[Round "6.28"]
[White "Kim, Isaiah Taeshi"]
[Black "Houshdaran, Soheil"]
[Result "0-1"]
[WhiteElo "1639"]
[BlackElo "1829"]
[PlyCount "49"]
[EventDate "2016.??.??"]

1. d4 Nf6 2. Bf4 c5 3. dxc5 Na6 4. e3 Nxc5 5. Nc3 Qb6 6. Qd2 Nce4 7. Nxe4 Nxe4
8. Qd4 Qxd4 9. exd4 e6 10. Bd3 Bb4+ 11. c3 Nxc3 12. a3 Nd5+ 13. axb4 Nxf4 14.
Be4 f5 15. Bf3 Nd3+ 16. Ke2 Nxb4 17. Kd2 a5 18. Ne2 O-O 19. Rhc1 d5 20. Rc5 b6
21. Rc3 Ba6 22. Nf4 Rae8 23. Re1 Bc8 24. Nd3 Nxd3 25. Kxd3 {
and Black later won. Remaining moves unavailable.} 0-1

[Event "Mechanics' Spring TNM; G/2"]
[Site "San Francisco"]
[Date "2016.04.12"]
[Round "5.8"]
[White "Kim, Isaiah Taeshi"]
[Black "Shakhnazarov, Oleg"]
[Result "0-1"]
[WhiteElo "1837"]
[BlackElo "2139"]
[PlyCount "56"]
[EventDate "2016.??.??"]

1. d4 Nf6 2. c4 e6 3. Nc3 Bb4 4. e3 O-O 5. Nge2 d5 6. a3 Be7 7. cxd5 exd5 8.
Nf4 c6 9. Bd3 Bd6 10. O-O Re8 11. f3 Qc7 12. g3 g5 13. Nfe2 Bh3 14. Rf2 Nbd7
15. e4 dxe4 16. fxe4 Ng4 17. Rf5 h6 18. e5 {Diagram [#]} Bxe5 19. dxe5 Qb6+ 20.
Kh1 Nf2+ 21. Rxf2 Qxf2 22. Be4 Nc5 23. Ng1 Nxe4 24. Nxh3 Qf5 25. Qd3 Rxe5 26.
Nxe4 Rxe4 27. Kg2 Qe5 28. Bd2 Rd4 0-1

[Event "Mechanics' Winter TNM; G/2"]
[Site "San Francisco"]
[Date "2016.01.05"]
[Round "1.4"]
[White "Kim, Isaiah Taeshi"]
[Black "Tsodikova, Natalya"]
[Result "0-1"]
[WhiteElo "1639"]
[BlackElo "2207"]
[PlyCount "26"]
[EventDate "2016.??.??"]

1. e4 e5 2. Nf3 Nc6 3. Bc4 Bc5 4. d3 Nf6 5. Nc3 d6 6. a3 a6 7. h3 Be6 8. Bxe6
fxe6 9. Be3 O-O 10. Bxc5 dxc5 11. Qd2 Qd6 12. a4 Nd4 13. Qg5 Nxc2+ 0-1

[Event "Mechanics' Winter TNM; G/2"]
[Site "San Francisco"]
[Date "2016.01.12"]
[Round "2.11"]
[White "Klinetobe, David"]
[Black "Bachseitz, Martin"]
[Result "1/2-1/2"]
[WhiteElo "2000"]
[BlackElo "1763"]
[Annotator "Donaldson"]
[PlyCount "112"]
[EventDate "2016.??.??"]

1. e4 e6 2. d4 d5 3. Nd2 dxe4 4. Nxe4 Bd7 5. Nf3 Bc6 6. Bd3 Nd7 7. O-O Ngf6 8.
Qe2 Be7 9. Re1 Bxe4 10. Bxe4 Nxe4 11. Qxe4 c6 12. Qg4 O-O 13. Bh6 Bf6 14. c3
Kh8 15. Bf4 Be7 16. Be5 Bf6 17. Rad1 Qb6 18. Rd2 Nxe5 19. Nxe5 Rad8 20. Qh5 Qc7
21. Rde2 Rd5 22. b4 Bxe5 23. Rxe5 Rfd8 24. g3 Rxe5 25. Rxe5 Qe7 26. Qg4 Rd5 27.
Qf4 Rxe5 28. Qxe5 Qd8 29. Qc5 a6 30. Qa7 Qc8 31. Qc5 Qd8 32. a4 h6 33. Kf1 Qd5
34. Qf8+ Kh7 35. Qxf7 Qc4+ 36. Kg2 Qxc3 37. Qxb7 Qxd4 38. Qxc6 Qxb4 39. Qxa6
Qe4+ 40. Kg1 Qe1+ 41. Qf1 Qb4 42. Qa1 Qa5 43. Qb1+ Kg8 44. Qb5 Qe1+ 45. Kg2
Qe4+ 46. f3 Qc2+ 47. Kh3 Qc8 48. a5 e5+ 49. g4 Qc3 50. Qd5+ Kh7 51. a6 Qa1 52.
Qe4+ Kg8 53. Qb7 Qf1+ 54. Kh4 Qf2+ 55. Kh3 (55. Kh5 Qxh2+ 56. Kg6 Qc2+ $11)
55... Qf1+ 56. Kh4 Qf2+ 1/2-1/2